| 000 | 00577nam a2200205 a 4500 | ||
|---|---|---|---|
| 005 | 20210219153446.0 | ||
| 008 | 991125n 000 0 eng u | ||
| 035 | _aUPN01000101104 | ||
| 100 | _aEbbers, Larry H. | ||
| 222 | _aNASPA JOURNAL | ||
| 245 | _aStudent affairs preparation programs : should they be accredited? | ||
| 300 | _a59-65 | ||
| 362 | _a1992 30, no. 1 | ||
| 653 | 0 | _aACREDITACION (INSTITUCIONES) | |
| 653 | 0 | _aACTITUDES DEL EMPLEADO | |
| 653 | 0 | _aEMPLEO DE ESTUDIANTES | |
| 700 | _aKruempel, Beverly J. | ||
| 904 |
_aAC _b038915 |
||
| 905 | _aArticulo | ||
| 999 |
_c77443 _d77443 |
||